01136nam a2200325Ia 450000500170000000800410001702000180005804100080007610000250008424501110010925000180022030000470023852100350028553400150032065000390033565000490037465000370042365000340046065000420049470000400053670000400057694200150061626400290063133600270066033700330068733800280072004000350074808400120078399900150079520220317001750.0170328s2009 s a g 000 0 s  a9788484702900 aspa1 aPommaux, Yvand1946-10aTeseobcómo nacen las leyendascYvan Pommaux ; colores de Nicole Pommaux ; traducción Anna Coll-Vinent a1a. edición a53 páginasbilustraciones a colorc34 cm aRecomendado desde los 9 años tThésée142LEMBaLeyendas francesasySiglo XX142LEMBaLiteratura infantil francesaySiglo XX142LEMBaMinotauro en la literatura142LEMBaTeseo en la literatura142LEMBaDioses griegos en la literatura1 aPommaux, Nicoleeilustradora9903501 aColl-Vinent, Annaetraductora92013 2loccBKINF aBarcelonabCorimboc2009 atextobtxt2rdacontent asin mediaciónbn2rdamedia avolumenbnc2rdacarrier aCO-BoRNBPbspaerdacCO-BoRNBP aLM POM2 c8023d8023